| 000 | 02278nam0a2200361 4500 | ||
|---|---|---|---|
| 001 | RU\NLR\bibl\1696094 | ||
| 005 | 20250616060041.0 | ||
| 010 |
_a978-5-93057-369-5 _9150 |
||
| 021 |
_aRU _b2010-76749 _95117 |
||
| 035 | _a(nilc)RSL-KNO-004743463 | ||
| 035 | _a(NLR Aleph) 001687191 | ||
| 090 |
_a1138102 _c1138102 |
||
| 100 | _a20101011d2010 |||y0rusy50 ca | ||
| 101 | 0 | _arus | |
| 102 | _aRU | ||
| 105 | _aa zzzz||||| | ||
| 200 | 1 |
_aТарифообразование и программы развития для организаций коммунального комплекса _eучебное пособие _e[для студентов факультетов экономики и менеджмента Томского государственного архитектурно-строительного университета всех форм обучения и слушателей Института непрерывнго образования] _fА. А. Лукьянец _gГос. образовательное учреждение высш. проф. образования, "Томский гос. архитектурно-строительный ун-т" |
|
| 210 |
_aТомск _cИзд-во ТГАСУ _d2010 _eТомск _gТГАСУ |
||
| 215 |
_a151 с. _cил. _d20 |
||
| 320 | _aБиблиогр.: с. 146-150 (39 назв.) | ||
| 606 | 1 |
_aКоммунальные предприятия _jУчебные издания для высших учебных заведений _xИнвестиции капитала _yРоссийская Федерация _92608736 _3RU\NLR\auth\661545294 |
|
| 606 | 1 |
_aКоммунальные услуги _jУчебные издания для высших учебных заведений _xТарифы _xРегулирование _yРоссийская Федерация _92219244 _3RU\NLR\auth\661332690 |
|
| 610 | 0 | _aтарифообразование | |
| 686 |
_aУ9(2)441.0-866я73-1 _2rubbk |
||
| 686 | _aУ44(2)13-56я73 | ||
| 686 | _aУ44(2)13-866я73 | ||
| 700 | 1 |
_aЛукьянец _bА. А. _gАнатолий Алексеевич _4070 |
|
| 801 | 0 |
_aRU _bРГБ _c20101011 _grcr |
|
| 801 | 1 |
_aRU _bРГБ _c20101011 |
|
| 801 | 2 |
_aRU _bNLR _c20101109 _grcr |
|
| 942 | _cBOOK | ||
| 980 | _aNB | ||
| 980 | _aNBR | ||